• 首页
  • 本馆介绍
  • 公告通知
  • 最新文献
  • 馆藏检索
  • 电子资源
  • 读者导购
  • 参考咨询
  • 我的图书馆
  • 登录
  • 详细信息显示
  • 放入我的书架
  • 预约/预借图书
  • 作者相关作品
  • 分类相关作品
  • 丛书相关作品
  • 出版社相关作品

书目信息

  • 表格格式
  • 工作单格式
  • 卡片格式
题名:
2015中国高校文学作品排行榜
    
 
作者: 冰峰 主编 ;中国高校文学作品征集评审委员会 选编
分册: 下   小说卷
出版信息: 北京   现代出版社  2016
页数: 259-492页
开本: 23cm
丛书名:
单 册:
中图分类: I217.61 , I247.7
科图分类:
主题词: 中国文学--zhong guo wen xue--当代文学--作品集 , 短篇小说--duan pian xiao shuo--小说集--中国--当代
电子资源:
ISBN: 978-7-5143-4888-0
000 00939nam0 22002531 450
001 0122100901
005 20170322100901.0
010    @a978-7-5143-4888-0@dCNY59.80 (全2册59.80)
100    @a20160530d2016 em y0chiy50 ea
101 0  @achi
102    @aCN@b110000
105    @ay z 000ay
106    @ar
200 1  @a2015中国高校文学作品排行榜@92015zhong guo gao jiao wen xue zuo pin pai hang bang@i小说卷@h下@f冰峰主编@g中国高校文学作品征集评审委员会选编
210    @a北京@c现代出版社@d2016
215    @a259-492页@d23cm
606 0  @a中国文学@9zhong guo wen xue@x当代文学@x作品集
606 0  @a短篇小说@9duan pian xiao shuo@x小说集@y中国@z当代
690    @aI217.61@v5
690    @aI247.7@v5
701  0 @a冰峰@9bing feng@f(1965~)@4主编
712 02 @a中国高校文学作品征集评审委员会@9zhong guo gao jiao wen xue zuo pin zheng ji ping shen wei yuan hui@4选编
801  0 @aCN@bTANGWEI@c20170308
905    @b0960510-3@dI217.61@e711@f4
    
    2015中国高校文学作品排行榜.小说卷.下/冰峰主编/中国高校文学作品征集评审委员会选编.-北京:现代出版社,2016
    259-492页;23cm
    
    
    ISBN 978-7-5143-4888-0:CNY59.80 (全2册59.80)
    
●
相关链接 在E读中查询图书 在五车中查询图书 在当当中查询图书 在豆瓣中查询图书


正题名:2015中国高校文学作品排行榜     索取号:I217.61/711         预约/预借

序号 登录号 条形码 馆藏地/架位号 状态 备注
1 0960510   209605104   第一样本阅览室/ [索取号:I217.61/711] 在馆    
2 0960511   209605113   第二借阅区/ [索取号:I217.61/711] 在馆    
3 0960512   209605122   第二借阅区/ [索取号:I217.61/711] 在馆    
4 0960513   209605131   第二借阅区/ [索取号:I217.61/711] 在馆    
唐山师范学院图书馆 欢迎您!
大连网信软件有限公司© 版权所有